Kompas sbierka obežníkov, príkazov, smerníc a oznamov Oblastného riaditeľstva ČSŠL, n.p. v Bratislave

Bibliographic Details
Corporate Authors: Únia, spoločnosť s r. o. (Bratislava), Tlačiarenské závody Pravda (Bratislava, Slovensko). Závod Unia (Printer), Tlačiarenské závody Práca (Bratislava, Slovensko). Závod Únia (Printer)
Other Authors: Hirš, Milan, 1919-1978 (Publishing director), Petro, Juraj (Publishing director)
Format: Journal
Language:Slovak
PhysicalDescription:3 roč. 21 x 29 cm
Published: Bratislava Oblastné riaditeľstvo Československých štátnych lesov, n. p. Bratislava 1949-1951
Subjects:

MARC

LEADER 00000nas a22000001a 4500
001 vtls010301453
003 SK-MaSNL
005 20260228163229.0
008 110810d19491951xo wr p r 0 b0slo
015 |a SNBDS17XX9999 
015 |a 0557  |2 Balúnová 1945-60 
038 |a SNKBUDS 
040 |a SNK  |b slo  |c SNK  |e AACR2 
041 0 |a slo 
044 |a xo  |c SK 
080 |a 630  |2 2001 
080 |a 070.481  |2 2001 
080 |a 34  |2 2001 
245 0 0 |a Kompas  |b sbierka obežníkov, príkazov, smerníc a oznamov Oblastného riaditeľstva ČSŠL, n.p. v Bratislave 
260 |a Bratislava  |b Oblastné riaditeľstvo Československých štátnych lesov, n. p. Bratislava  |c 1949-1951 
300 |a 3 roč.  |c 21 x 29 cm 
310 |a 1x týždenne 
362 0 |a Roč. I, č. 1 (8. okt. 1949)-roč. III, č. 39 (20. okt. 1959) 
500 |a Vych. v Bratislave týždenne 
500 |a Zodp. zást. čas. Milan Hirš, od 4/I (28. okt. 1949) Juraj Petro, od 8/II (25. febr. 1950) sa neuvádza 
500 |a Vyd. Oblastné riaditeľstvo Čs. štátnych lesov, n. p. Bratislava 
500 |a Tlač. Unia, od 8/II (25. febr. 1950) Tlačiarenské závody Pravda, záv. Unia, od 3/III (20. jan. 1951) Práca, záv. Unia, od 8/III (5. mája 1951) Práca v Bratislave 
500 |a Vych. od 8. okt. 1949; pov. PIO č. 21910/49-III/2 z 2. sept. 1949; príl. k 48/II (dec. 1950) Platové smernice s tabuľkami, 30 s. a Pracovný poriadok, Predpisy, 22 s.; príl. k 9/III (3. marca 1957) Normy kancelárskych prác pre zamestnancov Oblastného riaditeľstva Československých štátnych lesov, n. p., Bratislava, formát 15 x 21 cm, 28 s.; príl. k 22/III (2. júna 1951) Stanovy podporného fondu zamestnancov Čsl. št. lesy n. p., Obl. riad. Bratislava, 4 s.; posl. č. 39/III (20. okt. 1951) 
505 8 0 |g Roč. I. 1949 13 č. po 2-6 s. 
505 8 0 |g Roč. II. 1950 49 č. po 2-6 s. 
505 8 0 |g Roč. III. 1951 39 č. po 2-6 s. 
650 0 7 |a lesníctvo  |2 SNKPH  |9 1255 
650 0 7 |a administratíva  |2 SNKPH  |9 642 
650 0 7 |a právo  |2 SNKPH  |9 976 
655 7 |a administratívno-právne časopisy  |2 SNKBUDS  |9 269541 
700 1 |a Hirš, Milan,  |d 1919-1978  |4 pbd  |9 38554 
700 1 |a Petro, Juraj  |4 pbd  |9 269594 
710 1 |a Československé štátne lesy.  |b Oblastné riaditeľstvo (Bratislava, Slovensko)  |4 pbl  |9 269599 
710 2 |a Únia, spoločnosť s r. o. (Bratislava)  |9 269284 
710 2 |a Tlačiarenské závody Pravda (Bratislava, Slovensko).  |b Závod Unia  |4 prt  |9 273257 
710 2 |a Tlačiarenské závody Práca (Bratislava, Slovensko).  |b Závod Únia  |4 prt  |9 273413 
852 |a SNK  |b 10000  |h ČSB 615 
852 |a UKB  |b 300000  |h SC 1945 
852 |a UKB  |b 300000  |h XX C 821 
852 |a SVKKK  |b 900000  |h C 105 
999 |c 9062  |d 10992